000 01221nam a22002537a 4500
005 20240305165526.0
007 cr|||| ||||
008 190726s2015 mx |||||s|||| 00||0 spa d
020 _a978-607-8552-14-6
035 _a23906
040 _avLex
090 _c9069
_d9069
100 1 _aCovarrubias Rivera, Alejandro
245 1 0 _aAnálisis e interpretación de las Leyes Fiscales en México
_h[Recurso electrónico] :
_baportes para un modelo teórico /
_cAlejandro Covarrubias Rivera
256 _aServicio en línea
260 _aCiudad de México:
_bInstituto Mexicano de Contadores Públicos,
_c2015
300 _a1 recurso electrónico
506 1 _aDisponible solo en los productos indicados
_dvLex Global
_dvLex Global (Academic Edition, excluding Law Schools)
_dvLex Global (U.S. Academic Edition, Law Schools)
_dvLex Global (U.S. Academic Edition, excluding Law Schools)
_dvLex Global (Academic Edition, Law Schools)
650 0 4 _aDerecho Fiscal
_zMéxico
650 0 4 _aDerecho Tributario
_zMéxico
740 0 _avLex Libros (Servicio en línea)
856 4 0 _uhttps://app.vlex.com/#/sources/analisis-e-interpretacion-de-las-leyes-fiscales-en-mexico-aportes-para-un-modelo-teorico-23906
942 _cRAA
999 _c167306
_d167306